000 01121cam a2200325 a 4500
999 _c8187
_d8187
003 OSt
005 20200810131734.0
008 060808s2007 ctua b 001 0 eng
010 _a 2006025917
016 7 _a013536737
_2Uk
020 _a0275992209 (alk. paper)
020 _a9780275992200 (alk. paper)
035 _a(OCoLC)ocm70867062
050 0 0 _aHF5547.2
_b.K45 2007
082 0 0 _a306.3/6
_222
100 1 _aKemp, Jana M.
245 1 0 _aBuilding community in buildings :
_bthe design and culture of dynamic workplaces /
_cJana M. Kemp and Ken Baker.
260 _aWestport, Conn. :
_bPraeger,
_c2007.
300 _axxii, 202 p. :
_bill. ;
_c25 cm.
504 _aIncludes bibliographical references (p. [195]-198) and index.
650 0 _aOffice layout.
650 0 _aWork environment.
650 0 _aOffice buildings.
650 0 _aBuildings
_xEnvironmental engineering.
650 0 _aLabor productivity.
700 1 _aBaker, Ken,
_d1952-
856 4 1 _3Table of contents only
_uhttp://www.loc.gov/catdir/toc/ecip0618/2006025917.html
906 _a7
_bcbc
_corignew
_d1
_eecip
_f20
_gy-gencatlg
942 _2ddc